000
00313nam a22001337a 4500
008
171006b xxu||||| |||| 00| 0 eng d
020
_a
9780395770603
041
_a
eng
080
_2
3 ED
_a
159.9
100
_a
49
101
_a
PSI
245
_a
READINGS IN SOCIAL PSYCHOLOGY
_c
BREHM.SH.S
942
_2
udc
_c
BK
999
_c
32177
_d
32177